[Event "Vesterhav"]
[Site "Esbjerg"]
[Date "1988.07.12"]
[Round "8"]
[White "Kosten, Anthony"]
[Black "Hansen, Curt"]
[Result "1-0"]
[WhiteElo "2510"]
[BlackElo "2520"]
[PlyCount "53"]
[EventDate "1988.07.03"]
[EventType "tourn"]
[EventRounds "11"]
[EventCountry "DEN"]

1. e4 d6 2. d4 Nf6 3. Nc3 g6 4. Nf3 Bg7 5. Be3 O-O 6. h3 Nc6 7. Be2 e5 8. dxe5
Nxe5 9. Nxe5 dxe5 10. Bc4 c6 11. a4 Qe7 12. O-O b6 13. Qf3 Qb4 14. Bb3 Be6 15.
Bxe6 fxe6 16. Qe2 Rad8 17. Ra3 Ne8 18. a5 b5 19. Bxa7 Bh6 20. Rd1 Rxd1+ 21.
Nxd1 Nd6 22. Rd3 Nc4 23. a6 Ra8 24. Rd7 Qf8 25. b3 Qc8 26. Qd3 Qxa6 27. Rd8+
1-0

[Event "Vesterhav"]
[Site "Esbjerg"]
[Date "1988.07.12"]
[Round "8"]
[White "Kristiansen, Jens"]
[Black "Rasmussen, Karsten"]
[Result "0-1"]
[WhiteElo "2415"]
[BlackElo "2480"]
[PlyCount "83"]
[EventDate "1988.07.03"]
[EventType "tourn"]
[EventRounds "11"]
[EventCountry "DEN"]

1. Nf3 Nf6 2. g3 d5 3. Bg2 c6 4. c4 dxc4 5. Na3 b5 6. Ne5 Nd5 7. d3 cxd3 8.
Qxd3 e6 9. e4 Qa5+ 10. Bd2 Nb4 11. Qb3 f6 12. O-O fxe5 13. Nc2 Qa4 14. Qxa4
bxa4 15. Nxb4 a5 16. Nc2 Nd7 17. Bc3 Bc5 18. Rfd1 Rf8 19. Rd2 Nb6 20. Bf1 Ba6
21. Bxa6 Rxa6 22. Re2 Nc4 23. b3 Rf3 24. bxc4 Rxc3 25. Rb1 Rb6 26. Rxb6 Bxb6
27. Ne1 Rxc4 28. Nf3 Bd4 29. Ng5 Ke7 30. Nxh7 a3 31. Kf1 c5 32. Ng5 Rc1+ 33.
Re1 Rc3 34. h4 c4 35. h5 Rc2 36. Re2 Rb2 37. Nf3 c3 38. Ne1 Kf6 39. f3 Kg5 40.
g4 Rd2 41. Nc2 Rd3 42. Kg2 0-1

[Event "Vesterhav"]
[Site "Esbjerg"]
[Date "1988.07.12"]
[Round "8"]
[White "Larsen, Bent"]
[Black "Karlsson, Lars"]
[Result "1-0"]
[WhiteElo "2560"]
[BlackElo "2520"]
[PlyCount "73"]
[EventDate "1988.07.03"]
[EventType "tourn"]
[EventRounds "11"]
[EventCountry "DEN"]

1. c4 e6 2. Nc3 f5 3. d4 Nf6 4. e3 Bb4 5. Nge2 O-O 6. a3 Be7 7. Nf4 d6 8. Be2
c6 9. O-O Qc7 10. b4 e5 11. Nh5 Nxh5 12. Bxh5 Nd7 13. Bb2 Nf6 14. Be2 Be6 15.
Rc1 Bf7 16. Qd2 a6 17. f4 e4 18. d5 cxd5 19. cxd5 Qb6 20. h3 a5 21. b5 Nd7 22.
Na4 Qd8 23. Rfd1 Bf6 24. Bxf6 Nxf6 25. Qd4 Bh5 26. Bxh5 Nxh5 27. Nb6 Rb8 28.
Rd2 g5 29. fxg5 Qxg5 30. Rf2 Rbe8 31. Rc7 f4 32. Nc4 fxe3 33. Qxe3 Qxd5 34. Qh6
Rxf2 35. Qxh7+ Kf8 36. Qh8+ Qg8 37. Qh6+ 1-0

[Event "Vesterhav"]
[Site "Esbjerg"]
[Date "1988.07.12"]
[Round "8"]
[White "Vaganian, Rafael A"]
[Black "Mortensen, Erling"]
[Result "1-0"]
[WhiteElo "2595"]
[BlackElo "2480"]
[PlyCount "105"]
[EventDate "1988.07.03"]
[EventType "tourn"]
[EventRounds "11"]
[EventCountry "DEN"]

1. Nf3 Nf6 2. d4 g6 3. Bg5 Ne4 4. Bf4 Bg7 5. Nbd2 d5 6. e3 c5 7. c3 O-O 8. Be2
Nc6 9. O-O Qb6 10. Qb3 Qxb3 11. axb3 Bg4 12. Bd1 Nxd2 13. Nxd2 Bxd1 14. Rfxd1
cxd4 15. exd4 a5 16. Nb1 Ra6 17. Kf1 Re8 18. Be3 b5 19. Na3 Rb8 20. Nc2 Rba8
21. Ra2 e6 22. Ke2 Bf8 23. Ne1 f6 24. Nd3 Kf7 25. Rda1 R6a7 26. Bf4 Re8 27. Be3
Rd7 28. f4 h5 29. Kf3 Rb8 30. Rc1 Bd6 31. h3 Rdb7 32. Raa1 Ke7 33. g4 hxg4+ 34.
hxg4 Rh8 35. Rh1 Rbb8 36. g5 Kf7 37. gxf6 Kxf6 38. Ne5 Bxe5 39. fxe5+ Kf7 40.
Bg5 Rh5 41. Kg4 Rxh1 42. Rxh1 b4 43. Rh7+ Ke8 44. Rc7 bxc3 45. bxc3 Rb6 46. Bf6
Nb8 47. Re7+ Kf8 48. Kg5 Rc6 49. Kxg6 Rxc3 50. Rh7 Rg3+ 51. Bg5 Kg8 52. Rg7+
Kf8 53. Rc7 1-0

[Event "Vesterhav"]
[Site "Esbjerg"]
[Date "1988.07.13"]
[Round "9"]
[White "Karlsson, Lars"]
[Black "Hellers, Ferdinand"]
[Result "1-0"]
[WhiteElo "2520"]
[BlackElo "2490"]
[PlyCount "81"]
[EventDate "1988.07.03"]
[EventType "tourn"]
[EventRounds "11"]
[EventCountry "DEN"]

1. Nf3 Nf6 2. g3 g6 3. Bg2 Bg7 4. O-O O-O 5. d3 d5 6. Nc3 c5 7. Bg5 h6 8. Bxf6
Bxf6 9. Nd2 e6 10. e4 Nc6 11. Rb1 d4 12. Ne2 e5 13. f4 exf4 14. gxf4 Bg4 15. h3
Bh5 16. e5 Bg7 17. Ne4 Ne7 18. N4g3 Bxe2 19. Qxe2 Qc7 20. b4 cxb4 21. Rxb4 Nc6
22. Rc4 Rae8 23. Bxc6 bxc6 24. Qg2 c5 25. Ne4 Qb6 26. Nxc5 Re7 27. Ne4 Kh8 28.
Kh1 Rc7 29. Nd6 Rxc4 30. dxc4 Qa5 31. Qd5 Qc3 32. Qg2 Qa5 33. Qe4 Qxa2 34. f5
Qa3 35. Kg2 gxf5 36. Qxf5 Qe3 37. Nxf7+ Rxf7 38. Qxf7 Qg5+ 39. Kh1 Qxe5 40. Qf5
Qe2 41. Qc8+ 1-0

[Event "Vesterhav"]
[Site "Esbjerg"]
[Date "1988.07.13"]
[Round "9"]
[White "Kupreichik, Victor"]
[Black "Vaganian, Rafael A"]
[Result "1/2-1/2"]
[WhiteElo "2445"]
[BlackElo "2595"]
[PlyCount "34"]
[EventDate "1988.07.03"]
[EventType "tourn"]
[EventRounds "11"]
[EventCountry "DEN"]

1. e4 e6 2. d4 d5 3. Nd2 c5 4. Ngf3 Nc6 5. exd5 exd5 6. Bb5 Bd6 7. dxc5 Bxc5 8.
Nb3 Bd6 9. O-O Nge7 10. Re1 O-O 11. Bg5 Bg4 12. Be2 h6 13. Bh4 Re8 14. Nfd4
Bxe2 15. Nxe2 Qb6 16. Bxe7 Bxe7 17. c3 Bf6 1/2-1/2

[Event "Vesterhav"]
[Site "Esbjerg"]
[Date "1988.07.13"]
[Round "9"]
[White "Mortensen, Erling"]
[Black "Watson, William"]
[Result "0-1"]
[WhiteElo "2480"]
[BlackElo "2500"]
[PlyCount "81"]
[EventDate "1988.07.03"]
[EventType "tourn"]
[EventRounds "11"]
[EventCountry "DEN"]

1. e4 c5 2. Nf3 d6 3. d4 cxd4 4. Nxd4 Nf6 5. Nc3 g6 6. g3 Bg7 7. Bg2 O-O 8. O-O
Bg4 9. Qd3 Qd7 10. Nd5 Nc6 11. Be3 Ne5 12. Qb3 Rfc8 13. Nf4 Qc7 14. h3 Bd7 15.
Nd3 Nc4 16. Bc1 Nxe4 17. Bxe4 Bxd4 18. Qxb7 Qd8 19. Bg2 Rab8 20. Qe4 Bf6 21.
Re1 Bc6 22. Qg4 h5 23. Qe2 Bxg2 24. Kxg2 Nxb2 25. Bxb2 Bxb2 26. Rab1 Bc3 27.
Red1 Rxb1 28. Rxb1 Qc7 29. Nf4 Be5 30. Nd5 Qxc2 31. Nxe7+ Kf8 32. Qxc2 Rxc2 33.
Rb7 Bd4 34. a4 Rxf2+ 35. Kh1 Rf1+ 36. Kg2 Rf2+ 37. Kh1 Ra2 38. Nc8 Bc5 39. Nxa7
Rxa4 40. Nc6 Ra1+ 41. Kg2 0-1

[Event "Vesterhav"]
[Site "Esbjerg"]
[Date "1988.07.13"]
[Round "9"]
[White "Rasmussen, Karsten"]
[Black "Kosten, Anthony"]
[Result "0-1"]
[WhiteElo "2480"]
[BlackElo "2510"]
[PlyCount "72"]
[EventDate "1988.07.03"]
[EventType "tourn"]
[EventRounds "11"]
[EventCountry "DEN"]

1. c4 e5 2. g3 Nc6 3. Bg2 g6 4. Nc3 Bg7 5. d3 d6 6. e4 Nge7 7. Nge2 O-O 8. O-O
Be6 9. Be3 Qd7 10. Nd5 f5 11. Qd2 Rf7 12. Rae1 fxe4 13. dxe4 Raf8 14. c5 dxc5
15. Bxc5 Rd8 16. Rd1 Nc8 17. b3 Nd6 18. Be3 Nb5 19. Bh6 Bxh6 20. Qxh6 Ncd4 21.
Nxd4 Nxd4 22. Qg5 Bxd5 23. exd5 Qd6 24. Qe3 Re7 25. Qe4 a5 26. Kh1 Rde8 27. Qd3
Qb4 28. Rfe1 Nb5 29. Bh3 e4 30. Qe3 Rf8 31. Be6+ Kg7 32. Kg1 Nd6 33. Qg5 Rf6
34. Qe5 Qc5 35. Rf1 Rexe6 36. Qb2 Re7 0-1

[Event "Vesterhav"]
[Site "Esbjerg"]
[Date "1988.07.14"]
[Round "10"]
[White "Hellers, Ferdinand"]
[Black "Vaganian, Rafael A"]
[Result "1/2-1/2"]
[WhiteElo "2490"]
[BlackElo "2595"]
[PlyCount "53"]
[EventDate "1988.07.03"]
[EventType "tourn"]
[EventRounds "11"]
[EventCountry "DEN"]

1. e4 e6 2. d4 d5 3. Nd2 c5 4. exd5 exd5 5. Bb5+ Nc6 6. Ngf3 Bd6 7. dxc5 Bxc5
8. O-O Nge7 9. Nb3 Bd6 10. Re1 O-O 11. Bg5 Bg4 12. Be2 h6 13. Bh4 Re8 14. h3
Bh5 15. Nfd4 Bxe2 16. Rxe2 Qb6 17. Bxe7 Bxe7 18. Nf5 Bf6 19. c3 Re6 20. Qc2
Rxe2 21. Qxe2 a5 22. Rd1 a4 23. Nbd4 Nxd4 24. Nxd4 a3 25. bxa3 Qc5 26. Nb5 Bxc3
27. Nxc3 1/2-1/2

[Event "Vesterhav"]
[Site "Esbjerg"]
[Date "1988.07.14"]
[Round "10"]
[White "Karlsson, Lars"]
[Black "Hansen, Curt"]
[Result "0-1"]
[WhiteElo "2520"]
[BlackElo "2520"]
[PlyCount "72"]
[EventDate "1988.07.03"]
[EventType "tourn"]
[EventRounds "11"]
[EventCountry "DEN"]

1. Nf3 g6 2. g3 Bg7 3. Bg2 e5 4. O-O Nc6 5. c4 d6 6. Nc3 f5 7. Rb1 a5 8. a3 Nf6
9. d3 O-O 10. b4 axb4 11. axb4 h6 12. b5 Ne7 13. Bb2 g5 14. Ra1 Rb8 15. Ra7 g4
16. Nd2 h5 17. Qa1 h4 18. c5 hxg3 19. hxg3 d5 20. b6 c6 21. Na4 d4 22. Nc4 Nfd5
23. e3 Ng6 24. Re1 dxe3 25. fxe3 f4 26. exf4 Ndxf4 27. gxf4 Qh4 28. Nxe5 Nxf4
29. Ng6 Nxg6 30. Re2 g3 31. Bxc6 Rf2 32. Bd5+ Kh7 33. Rxf2 gxf2+ 34. Kf1 Bh3+
35. Bg2 Re8 36. Bc3 Nf4 0-1

[Event "Vesterhav"]
[Site "Esbjerg"]
[Date "1988.07.14"]
[Round "10"]
[White "Kristiansen, Jens"]
[Black "Mortensen, Erling"]
[Result "0-1"]
[WhiteElo "2415"]
[BlackElo "2480"]
[PlyCount "56"]
[EventDate "1988.07.03"]
[EventType "tourn"]
[EventRounds "11"]
[EventCountry "DEN"]

1. c4 Nf6 2. Nc3 g6 3. Nf3 Bg7 4. g3 O-O 5. Bg2 d6 6. O-O c6 7. d3 e5 8. Rb1
Re8 9. e4 a5 10. a3 Bg4 11. h3 Bxf3 12. Bxf3 Nbd7 13. Bg2 Nc5 14. f4 Nh5 15.
Qf3 exf4 16. gxf4 Qh4 17. Bd2 Qg3 18. Qxg3 Nxg3 19. Rf3 Nh5 20. Kf1 f5 21. exf5
Nb3 22. Rd1 gxf5 23. Be3 Bd4 24. Re1 Kf7 25. Nd1 Bxe3 26. Rfxe3 Nxf4 27. Bh1
Rxe3 28. Nxe3 Re8 0-1

[Event "Vesterhav"]
[Site "Esbjerg"]
[Date "1988.07.14"]
[Round "10"]
[White "Watson, William"]
[Black "Kupreichik, Victor"]
[Result "0-1"]
[WhiteElo "2500"]
[BlackElo "2445"]
[PlyCount "80"]
[EventDate "1988.07.03"]
[EventType "tourn"]
[EventRounds "11"]
[EventCountry "DEN"]

1. e4 c5 2. Nf3 d6 3. d4 cxd4 4. Nxd4 Nf6 5. Nc3 a6 6. Be3 Nc6 7. f3 e6 8. Qd2
Qc7 9. O-O-O Be7 10. g4 Ne5 11. g5 Nfd7 12. f4 Nc4 13. Qe2 Ndb6 14. Kb1 Nxe3
15. Qxe3 Bd7 16. f5 Rc8 17. fxe6 fxe6 18. Bh3 Nc4 19. Qg3 Qb6 20. b3 O-O 21.
Nd5 exd5 22. Bxd7 Rc7 23. Be6+ Kh8 24. Bxd5 Na3+ 25. Kb2 Nxc2 26. Ne6 Ne3 27.
Rc1 Rf2+ 28. Kb1 Nc2 29. Nxc7 Na3+ 30. Ka1 Nc2+ 31. Kb1 Na3+ 32. Ka1 Nc2+ 33.
Rxc2 Rxc2 34. Ne6 Qa5 35. b4 Qxb4 36. Qb3 Qd2 37. Rb1 Bxg5 38. e5 Be3 39. Qb4
Qxd5 40. Qxd6 Qxa2# 0-1

[Event "Vesterhav"]
[Site "Esbjerg"]
[Date "1988.07.16"]
[Round "11"]
[White "Adorjan, Andras"]
[Black "Larsen, Bent"]
[Result "1/2-1/2"]
[WhiteElo "2520"]
[BlackElo "2560"]
[PlyCount "90"]
[EventDate "1988.07.03"]
[EventType "tourn"]
[EventRounds "11"]
[EventCountry "DEN"]

1. Nf3 c5 2. c4 g6 3. d4 cxd4 4. Nxd4 Bg7 5. e4 Nc6 6. Be3 Nf6 7. Nc3 O-O 8.
Be2 d6 9. O-O Bd7 10. Rc1 Re8 11. Re1 Nxd4 12. Bxd4 Bc6 13. f3 a5 14. b3 Nd7
15. Bf2 Nc5 16. Bf1 b6 17. Rc2 Ra7 18. Qb1 h5 19. Rd1 Rd7 20. Bh4 Qb8 21. Nd5
Kf8 22. Kh1 Rb7 23. Qc1 Na6 24. Bg5 Bxd5 25. cxd5 Nb4 26. Rf2 Rc8 27. Qb1 b5
28. a3 Na6 29. a4 Nc7 30. Qa2 bxa4 31. bxa4 Rb4 32. Rc2 Ne8 33. Bb5 Rxc2 34.
Qxc2 Bf6 35. Bd2 Rb2 36. Qc1 Nc7 37. Bc3 Rb3 38. Bxf6 exf6 39. Qc2 Rb4 40. Bf1
Ne8 41. Re1 h4 42. Bb5 Nc7 43. Bf1 Ne8 44. Bb5 Nc7 45. Bf1 Ne8 1/2-1/2

[Event "Vesterhav"]
[Site "Esbjerg"]
[Date "1988.07.16"]
[Round "11"]
[White "Hansen, Curt"]
[Black "Hellers, Ferdinand"]
[Result "1-0"]
[WhiteElo "2520"]
[BlackElo "2490"]
[PlyCount "99"]
[EventDate "1988.07.03"]
[EventType "tourn"]
[EventRounds "11"]
[EventCountry "DEN"]

1. d4 Nf6 2. c4 g6 3. Nf3 Bg7 4. g3 c6 5. Bg2 d5 6. Qb3 a5 7. cxd5 a4 8. Qa3
cxd5 9. O-O Nc6 10. Nc3 Ne4 11. Be3 O-O 12. Rac1 Nxc3 13. bxc3 Bf5 14. c4 Be4
15. cxd5 Bxd5 16. Rfd1 e6 17. Bf4 Qa5 18. Bd6 Rfd8 19. e3 Bxa2 20. Rc5 Qb6 21.
Qxa2 Rxd6 22. Rb1 Qc7 23. Nd2 Rdd8 24. Rcb5 Ra7 25. Ne4 Bf8 26. h4 a3 27. h5
Na5 28. d5 exd5 29. Nf6+ Kh8 30. Nxd5 Qe5 31. Nf4 Qe7 32. hxg6 hxg6 33. Bd5 Rd7
34. Kg2 Nc6 35. Rh1+ Kg7 36. Bxc6 bxc6 37. Qa1+ f6 38. Rg5 Qe4+ 39. Kg1 a2 40.
Nh5+ Kf7 41. Qxf6+ Ke8 42. Re5+ Re7 43. Rxe4 a1=Q+ 44. Kg2 Qxf6 45. Nxf6+ Kf7
46. Rf4 g5 47. Rf5 Kg6 48. g4 Rf7 49. Rh5 Bh6 50. Ng8 1-0

[Event "Vesterhav"]
[Site "Esbjerg"]
[Date "1988.07.16"]
[Round "11"]
[White "Kupreichik, Victor"]
[Black "Kristiansen, Jens"]
[Result "1-0"]
[WhiteElo "2445"]
[BlackElo "2415"]
[PlyCount "113"]
[EventDate "1988.07.03"]
[EventType "tourn"]
[EventRounds "11"]
[EventCountry "DEN"]

1. e4 g6 2. d4 Bg7 3. Be3 c6 4. Qd2 d6 5. c4 a6 6. Nf3 b5 7. a4 bxc4 8. Bxc4 d5
9. Ba2 a5 10. Nc3 Nf6 11. Rc1 Na6 12. O-O Nb4 13. Bb1 O-O 14. e5 Ne8 15. Na2
Nxa2 16. Bxa2 Qb6 17. Qc3 Bd7 18. Bg5 f6 19. exf6 exf6 20. Bf4 Rf7 21. Rfe1 Bf8
22. Re2 Nd6 23. h3 Nf5 24. g4 Ng7 25. Qb3 Qxb3 26. Bxb3 Ne6 27. Bg3 Bh6 28. Rc3
Nf4 29. Bxf4 Bxf4 30. Ne1 Bd6 31. Nd3 Re8 32. Bd1 Rxe2 33. Bxe2 Re7 34. Bf3 g5
35. Rb3 h5 36. gxh5 Bxh3 37. Rb6 Bf5 38. Rxc6 Bc7 39. Bxd5+ Kg7 40. Bc4 Bb8 41.
Rc5 Bh3 42. Rxa5 Re4 43. f3 Rxd4 44. b3 Rd8 45. Nf2 Bc8 46. Rd5 Re8 47. Kg2 f5
48. Rc5 Kf6 49. Rc6+ Ke5 50. Rg6 g4 51. fxg4 Bb7+ 52. Kf1 f4 53. h6 Kd4 54. h7
Be5 55. Rg8 Rc8 56. Nd3 Bh8 57. Nxf4 1-0

[Event "Vesterhav"]
[Site "Esbjerg"]
[Date "1988.07.16"]
[Round "11"]
[White "Mortensen, Erling"]
[Black "Kosten, Anthony"]
[Result "1-0"]
[WhiteElo "2480"]
[BlackElo "2510"]
[PlyCount "77"]
[EventDate "1988.07.03"]
[EventType "tourn"]
[EventRounds "11"]
[EventCountry "DEN"]

1. e4 e6 2. d3 d5 3. Nd2 Nc6 4. Ngf3 Nf6 5. c3 a5 6. e5 Nd7 7. d4 Be7 8. Bb5
O-O 9. Nf1 f6 10. exf6 Nxf6 11. Ng3 Bd7 12. a4 Bd6 13. O-O Ne7 14. Bd3 c5 15.
Be3 c4 16. Bc2 Qc7 17. Re1 Nc6 18. Rb1 h6 19. b3 cxb3 20. Rxb3 Rae8 21. Rb1 Bc8
22. Bg6 Re7 23. Nh4 e5 24. Nhf5 Bxf5 25. Nxf5 exd4 26. cxd4 Bxh2+ 27. Kh1 Re6
28. g3 Ne4 29. Qg4 Rff6 30. Nxh6+ Kf8 31. Bxe4 Rxe4 32. Qh5 Qd7 33. Kxh2 Rxe3
34. Ng4 Rxe1 35. Nxf6 Qe7 36. Nxd5 Qe2 37. Qh8+ Kf7 38. Rxb7+ Ke6 39. Nf4+ 1-0

[Event "Vesterhav"]
[Site "Esbjerg"]
[Date "1988.07.16"]
[Round "11"]
[White "Rasmussen, Karsten"]
[Black "Karlsson, Lars"]
[Result "1/2-1/2"]
[WhiteElo "2480"]
[BlackElo "2520"]
[PlyCount "92"]
[EventDate "1988.07.03"]
[EventType "tourn"]
[EventRounds "11"]
[EventCountry "DEN"]

1. c4 e6 2. Nf3 f5 3. g3 Nf6 4. Bg2 d5 5. b3 c6 6. O-O Bd6 7. Bb2 O-O 8. d3 Qe7
9. Nbd2 e5 10. e3 Nbd7 11. cxd5 cxd5 12. Nh4 g6 13. e4 Nc5 14. Qc2 fxe4 15.
dxe4 d4 16. Nc4 Bd7 17. f4 d3 18. Qd1 Bg4 19. Qe1 Ncd7 20. Nxd6 Qxd6 21. Nf3
Bxf3 22. Bxf3 Rac8 23. Qe3 Rc1 24. Bxe5 Nxe5 25. fxe5 Qxe5 26. Qxd3 Rc3 27. Qe2
Nd7 28. Bg2 Qc5+ 29. Kh1 Rxf1+ 30. Rxf1 Ne5 31. Qd2 Nd3 32. e5 Qxe5 33. Qh6 Rc8
34. Bxb7 Rd8 35. Qh4 Rd4 36. Qh3 Kg7 37. Qc8 Qe7 38. Bg2 h5 39. Qc3 Qc5 40.
Qxc5 Nxc5 41. Rc1 Ne6 42. h4 Rd2 43. Rc6 Nd4 44. Rc7+ Kf6 45. Rxa7 Nf5 46. Ra6+
Kg7 1/2-1/2